| 000 | 00693nam a2200169 a 4500 | ||
|---|---|---|---|
| 008 | 120416s1969 ||||||||||||||||| || u | ||
| 020 | _a0435835904 | ||
| 050 | _aBL 2400 Mbi | ||
| 100 | _aMbiti, John S | ||
| 245 | 1 | 0 | _aAfrican religions and philosophy |
| 260 |
_aLondon _bHeinemann _c1969 |
||
| 300 | _axiii, 290p. | ||
| 350 | _a0.00 | ||
| 650 | _aPhilosophy, African | ||
| 995 |
_aMAIN LIBRARY OPEN ACCESS _D0.00 _e731723 _FCBU-MAIN LIBRARY (Kitwe) _H2 _I2.25 _jBL 2400 Mbi _M2 _UAVAILABLE _WJul 31, 2006 _y029264 _ZMain Library Open Access Collection |
||
| 995 |
_aBINDERY (DAMAGED) _D0.00 _e716255 _FCBU-MAIN LIBRARY (Kitwe) _H1 _I2.25 _jBL 2400 Mbi _UDAMAGED _y001111 _ZMain Library Open Access Collection |
||
| 999 |
_c83807 _d83807 |
||